Le file rouge

Furkejuvvon:
Bibliográfalaš dieđut
Eará dahkkit: Piatti, Julio, Ruiter, Tom de
Materiálatiipa: Girji
Giella:eaŋgalasgiella
Almmustuhtton: Paris
Fáddágilkorat: Lasit fáddágilkoriid
Eai fáddágilkorat, Lasit vuosttaš fáddágilkora!

MARC

LEADER 00000nam a2200000 4500
001 CDOM0000004083
003 mi
005 20251003230452.0
008 251003b |||||||| |||| 00| 0 eng d
020 |a 978274917 
040 |c mi 
245 1 |a Le file rouge  
260 |a Paris 
700 |a Piatti, Julio 
700 |a Ruiter, Tom de 
942 |2 ddc  |c BK 
952 |0 0  |1 0  |2 ddc  |4 0  |7 0  |9 7195  |a MI  |b MI  |d 2009-12-18  |i 5902  |l 0  |p CDOM5902  |r 2025-07-13 16:28:00  |w 2025-07-13  |x DONO  |y BK 
999 |c 5891  |d 5891